| 000 | 00409 a2200133 4500 | ||
|---|---|---|---|
| 001 | 91218 | ||
| 082 | _aPP 1130 | ||
| 090 |
_c43302 _d43302 |
||
| 100 | _aArshad Lodhi; Prof Khalid and Ejaz Yaqub (Advisors) | ||
| 245 |
_aTo Study and Recover Specified Unserviceable Equipment in Structures laboratory _n38 "A EC |
||
| 260 |
_aKarachi _bNED University _c1993 |
||
| 300 | _ax;255p | ||
| 500 | _aBE Project Reports | ||
| 942 |
_aCAE NUST _kPP 1130 |
||
| 999 |
_c326291 _d326291 |
||